| 000 | 01079nam0a22002531 4500 | ||
|---|---|---|---|
| 001 | rc\4607872 | ||
| 005 | 20260407231422.0 | ||
| 021 |
_aRU _bРг1777-60 |
||
| 035 | _a(NLR Aleph) 008391998 | ||
| 090 |
_a9183170 _c9183170 |
||
| 100 | _a20130416d1960 |||y0rusy50 ca | ||
| 101 | 0 | _arus | |
| 102 | _aRU | ||
| 105 | _aa z ||||| | ||
| 200 | 1 |
_aОсновные пути повышения производительности труда и снижения себестоимости теплоизоляционных работ _fМ-во строительства РСФСР. Главтепломонтаж. Трест "Стройтермоизоляция" |
|
| 210 |
_aМосква _cЦентр. бюро техн. информации _d1960 |
||
| 215 |
_a24 с., 3 л. табл. _d20 |
||
| 300 | _aОтпеч. множит. аппаратом | ||
| 712 | 0 | 2 |
_a"Стройтермоизоляция", трест _cМосква _3RU\NLR\AUTH\8810156815 _9809039 |
| 801 | 0 |
_aRU _bNLR _gpsbo |
|
| 801 | 1 |
_aRU _bELAR _2rusmarc |
|
| 852 |
_aNLR _j60-4/1727 |
||
| 942 | _cBOOK | ||
| 980 | _aNB | ||